000 00503nam a22001577a 4500
003 macl
005 20190526160039.0
008 190526b xxu||||| |||| 00| 0 eng d
040 _cmacl
082 _a910
100 _aचन्‍द्र ,रामेश
_974991
245 _aभारत के ऐतिहासिक स्‍थल
260 _aदिल्‍ली
_bभारतीय पुस्‍तक परिषद
_c2015
650 _aयात्रा
_974993
942 _2ddc
_cHIN
999 _c59869
_d59870